000
00329nam a22001457a 4500
003
OSt
005
20211224140650.0
008
211224b |||||||| |||| 00| 0 eng d
020
_a
8177227238
040
_c
HU
082
_a
005.1
100
_a
Gupta
_9
1644
245
_a
Comdex Net Programming Course Kit
942
_2
ddc
_c
BOOKS
_n
0
999
_c
24000
_d
24000